[Event "UKR Games (Men) 3rd"]
[Site "Evpatoria"]
[Date "2007.05.25"]
[Round "7"]
[White "Zherebukh, Yaroslav"]
[Black "Tsimer, Vladislav"]
[Result "1-0"]
[WhiteElo "2365"]
[BlackElo "2325"]
[PlyCount "71"]
[EventDate "2007.05.21"]
[EventType "team-tourn"]
[EventRounds "7"]
[EventCountry "UKR"]
[SourceTitle "CBM 118 Extra"]
[Source "ChessBase"]
[SourceDate "2007.07.04"]
[SourceVersion "1"]
[SourceVersionDate "2007.07.04"]
[SourceQuality "1"]

1. e4 e6 2. d4 d5 3. Nc3 Nf6 4. Bg5 dxe4 5. Nxe4 Be7 6. Bxf6 gxf6 7. Nf3 b6 8. Bc4 Bb7 9. Qe2 c6 10. 0-0 Qc7 11. Ng3 h5 12. Nh4 Nd7 13. Ngf5 exf5 14. Rfe1 Nf8 15. Nxf5 Ng6 16. Qf3 0-0-0 17. Bxf7 Bb4 18. Bxg6 Bxe1 19. Rxe1 c5 20. Ne7+ Kb8 21. d5 c4 22. Qxf6 Rhf8 23. Qg5 Qc5 24. Qg3+ Ka8 25. Bxh5 Rd7 26. Qh4 Qb4 27. Qe4 Qxb2 28. Bg4 Rc7 29. Nc6 Qf6 30. Bf3 Rg7 31. Kh1 Rh8 32. h3 Rgh7 33. d6 Qxd6 34. Qxh7 Rxh7 35. Re8+ Bc8 36. Ne7+ 1-0

[Event "UKR Games (Men) 3rd"]
[Site "Evpatoria"]
[Date "2007.05.23"]
[Round "5"]
[White "Tsimer, Vladislav"]
[Black "Budnikov, Oleg"]
[Result "0-1"]
[WhiteElo "2325"]
[BlackElo "2408"]
[PlyCount "80"]
[EventDate "2007.05.21"]
[EventType "team-tourn"]
[EventRounds "7"]
[EventCountry "UKR"]
[SourceTitle "CBM 118 Extra"]
[Source "ChessBase"]
[SourceDate "2007.07.04"]
[SourceVersion "1"]
[SourceVersionDate "2007.07.04"]
[SourceQuality "1"]

1. e4 c5 2. Nf3 d6 3. Bc4 Nf6 4. Qe2 Nc6 5. d3 a6 6. Nbd2 e6 7. c3 Be7 8. Bb3 0-0 9. 0-0 b5 10. Bc2 Bb7 11. Rd1 Rc8 12. Nf1 Qc7 13. h3 Rfd8 14. Bf4 b4 15. Rac1 bxc3 16. bxc3 Ne5 17. Bxe5 dxe5 18. Bb3 c4 19. Bxc4 Nxe4 20. Bxa6 Bxa6 21. Qxe4 f6 22. Qe3 Bb7 23. d4 e4 24. Ne1 f5 25. c4 Ra8 26. Rc2 Ra3 27. Qc1 Ra4 28. d5 Ba3 29. Qg5 Be7 30. Qc1 Ba3 31. Qg5 h6 32. Qg6 Ra6 33. Qh5 Bc5 34. dxe6 Rxd1 35. Qxd1 Rxe6 36. Ne3 f4 37. Qg4 Qf7 38. Nd5 e3 39. fxe3 fxe3 40. Re2 Qf2+ 0-1